| 000 | 01166nam a2200301 i 4500 | ||
|---|---|---|---|
| 001 | 14727 | ||
| 003 | ES-MaACL | ||
| 005 | 20250930063034.0 | ||
| 007 | t| | ||
| 008 | 990528s1998 sp ||||1| spa d | ||
| 020 | _a84-87136-84-2 | ||
| 080 | _a821.134.2 Lozano 7 Soledades de la vida y desengaños.07 | ||
| 100 | 0 |
_aLozano, Cristóbal, _d1609-1667 _974412 |
|
| 245 | 1 | 0 |
_aSoledades de la vida y desengaños del mundo / _cCristóbal Lozano ; prólogo y edición, Irene Rodríguez Haro. |
| 260 |
_aAlbacete : _bInstituto de Estudios Albacetenses "Don Juan Manuel", _c1998. |
||
| 300 |
_aLXXXIII, XV, 182 p. ; _c19 cm. |
||
| 490 | 1 |
_aClásicos albacetenses ; _v9 |
|
| 500 | _aReproducción facs. de los prelim. de la ed. de 1663. | ||
| 600 | 0 | 4 |
_aLozano, Cristóbal, _d1609-1667- _xCrítica e interpretación _974413 |
| 655 | 7 |
_2tgfbne _9226495 _aFacsímiles |
|
| 700 | 1 |
_aRodríguez Haro, Irene. _998570 |
|
| 710 | 2 |
_aInstituto de Estudios Albacetenses. _94884 |
|
| 830 | 0 |
_aClásicos albacetenses ; _v9 _9179751 |
|
| 852 |
_aES-MaACL _jL-21892 _bR.126832 |
||
| 852 |
_aES-MaACL _jL-22035 _bR.127347 |
||
| 942 | _2udc | ||
| 999 |
_c14727 _d14727 |
||